Biblioteca nueva de los escritores aragoneses (Record no. 157230)

MARC details
000 -LEADER
campo de control de longitud fija 01028nam a2200241 i 4500
001 - NÚMERO DE CONTROL
campo de control 157230
003 - IDENTIFICADOR DE NÚMERO DE CONTROL
campo de control ES-MaACL
005 - FECHA Y HORA DE LA ÚLTIMA TRANSACCIÓN
campo de control 20250801093105.0
008 - DATOS DE LONGITUD FIJA--INFORMACIÓN GENERAL
campo de control de longitud fija 931025s1800 sp |||| | spa d
100 1# - ENTRADA PRINCIPAL--NOMBRE DE PERSONA
Nombre de persona Latassa y Ortin, Félix de.
9 (RLIN) 70515
245 10 - MENCIÓN DEL TÍTULO
Título Biblioteca nueva de los escritores aragoneses
Resto del título : que florecieron desde el año de 1689 hasta el de 1753 /
Mención de responsabilidad, etc. su autor el doctor Don Felix de Latassa y Ortin ... ; tomo IV.
260 ## - PUBLICACIÓN, DISTRIBUCIÓN, ETC.
Lugar de publicación, distribución, etc. En Pamplona :
Nombre del editor, distribuidor, etc. en la oficina de Joaquin de Domingo ...,
Fecha de publicación, distribución, etc. 1800.
300 ## - DESCRIPCIÓN FÍSICA
Extensión 658 p. ;
Dimensiones 4º.
596 ## - NOTA AL PIE DE IMPRENTA
NOTA AL PIE DE IMPRENTA Marca de imp. en port.
597 ## - NOTA DE DESCRIPCIÓN FÍSICA
NOTA DE DESCRIPCIÓN FÍSICA Sign.: A-Z\p4\s, 2A-2Z\p4\s, 3A-3Z\p4\s, 4A-4N\p4\s, 4O\p1\s.
650 #0 - PUNTO DE ACCESO ADICIONAL DE MATERIA--TÉRMINO DE MATERIA
Término de materia o nombre geográfico como elemento de entrada Literatura española-
Subdivisión geográfica Aragón-
Subdivisión general Bibliografía
9 (RLIN) 233447
650 #0 - PUNTO DE ACCESO ADICIONAL DE MATERIA--TÉRMINO DE MATERIA
Término de materia o nombre geográfico como elemento de entrada Escritores aragoneses
9 (RLIN) 234111
651 #4 - PUNTO DE ACCESO ADICIONAL DE MATERIA--NOMBRE GEOGRÁFICO
Nombre geográfico Aragón-
Subdivisión general Bibliografía.
9 (RLIN) 137047
700 1# - ENTRADA AGREGADA--NOMBRE PERSONAL
Nombre de persona Domingo, Joaquín de,
Término indicativo de función/relación
9 (RLIN) 126820
752 ## - ENTRADA AGREGADA--NOMBRE JERÁRQUICO DEL LUGAR
País o entidad superior España -
Ciudad Pamplona
852 ## - LOCALIZACIÓN
Ubicación ES-MaACL
Número de control de estantería R-330-35
Nota libre -- Enc. pasta española
Encuadernación Olim: C-2217-22
Holdings
Estatus retirado Estado de pérdida Estado de daño No para préstamo Biblioteca de origen Biblioteca actual Ubicación en estantería Fecha de adquisición Total de préstamos Signatura topográfica completa Código de barras Visto por última vez Precio de reemplazo Tipo de ítem Koha
        Biblioteca del Ateneo de Madrid Biblioteca del Ateneo de Madrid Depósito 17/01/2008   R-330-35 1164532 23/02/2023 23/02/2023 Libro impreso antiguo